Statistics for RuPaul's Drag Race All Stars 4

Click here to take the quiz!

General Stats

  • This quiz has been taken 338 times
  • The average score is 10 of 10

Answer Stats

Original seasonAll Stars 4 Contestant% Correct
Season 10Monét X Change
99%
Season 9Trinity The Tuck
98%
Season 3Manila Luzon
97%
Season 10Monique Heart
97%
Season 9Valentina
96%
Season 4Latrice Royale
95%
Season 8Naomi Smalls
95%
Season 9Farrah Moan
93%
Season 6Gia Gunn
91%
Season 7Jasmine Masters
91%

Score Distribution

Percentile by Number Answered

Percent of People with Each Score

Your Score History

You have not taken this quiz